ਜਪਾਨੀ ਨਾਟਕ ਦਾ ਪੁਜਾਬੀ ਅਨੁਵਾਦ (Record no. 1433024)

MARC details
000 -LEADER
fixed length control field 00904nam a22002297a 4500
005 - DATE AND TIME OF LATEST TRANSACTION
control field 20250626160606.0
008 - FIXED-LENGTH DATA ELEMENTS--GENERAL INFORMATION
fixed length control field 250626b |||||||| |||| 00| 0 eng d
020 ## - INTERNATIONAL STANDARD BOOK NUMBER
International Standard Book Number 81-7380-900-3(hbk)
037 ## - SOURCE OF ACQUISITION
Terms of availability TB
040 ## - CATALOGING SOURCE
Original cataloging agency CRL
Transcribing agency CRL
041 ## - LANGUAGE CODE
Source of code pun
Language code of text/sound track or separate title pun
084 ## - COLON CLASSIFICATION NUMBER
Classification number O42,3x 153P5
Assigning agency CRL
245 ## - TITLE STATEMENT
Title ਜਪਾਨੀ ਨਾਟਕ ਦਾ ਪੁਜਾਬੀ ਅਨੁਵਾਦ
260 ## - PUBLICATION, DISTRIBUTION, ETC.
Place of publication, distribution, etc. ਪਟਿਆਲਾ, ਭਾਰਤ:
Name of publisher, distributor, etc. ਪੰਜਾਬੀ ਭਾਸ਼ਾ ਵਿਕਾਸ ਵਿਭਾਗ,
Date of publication, distribution, etc. 2005.
300 ## - PHYSICAL DESCRIPTION
Extent 62 ਪ.
365 ## - TRADE PRICE
Price amount 80.00
Currency code INR
650 ## - SUBJECT ADDED ENTRY--TOPICAL TERM
Source of heading or term ਜੈਪਨੀਜ਼ ਸਾਹਿਤ
650 ## - SUBJECT ADDED ENTRY--TOPICAL TERM
Source of heading or term ਜੈਪਨੀਜ਼ ਕਹਾਣੀ
700 ## - ADDED ENTRY--PERSONAL NAME
Personal name ਬਲਰਾਜ
Relator term ਅਨੁਵਾਦਕ
9 (RLIN) 814738
942 ## - ADDED ENTRY ELEMENTS (KOHA)
Source of classification or shelving scheme Colon Classification (CC)
Koha item type Textbook
Classification part O42,3x 153P5
Suppress in OPAC No
Holdings
Withdrawn status Lost status Source of classification or shelving scheme Damaged status Not for loan Home library Current library Date acquired Source of acquisition Cost, normal purchase price Inventory number Total Checkouts Full call number Barcode Date last seen Price effective from Koha item type
    Colon Classification (CC)     Central Library Central Library 2025-06-26 H.K. Prakashan 80.00 1712 & 10/02/2025   O42,3x 153P5 CL1682992 2025-06-26 2025-06-26 Textbook
Copyright @ Delhi University Library System